El salto del pasiego (Record no. 98647)

MARC details
000 -LEADER
campo de control de longitud fija 01102nam a22002295i 4500
001 - NÚMERO DE CONTROL
campo de control 98647
003 - IDENTIFICADOR DE NÚMERO DE CONTROL
campo de control ES-MaACL
005 - FECHA Y HORA DE LA ÚLTIMA TRANSACCIÓN
campo de control 20250824074916.0
007 - CAMPO FIJO DE DESCRIPCIÓN FÍSICA--INFORMACIÓN GENERAL
campo de control de longitud fija t|
008 - DATOS DE LONGITUD FIJA--INFORMACIÓN GENERAL
campo de control de longitud fija 950918s1878 sp ||||1| spa d
040 ## - FUENTE DE CATALOGACIÓN
Centro catalogador/agencia de origen CAM
Lengua de catalogación spa
Centro/agencia transcriptor CAM
100 1# - ENTRADA PRINCIPAL--NOMBRE DE PERSONA
Nombre de persona Eguilaz, Luis de.
9 (RLIN) 46758
245 13 - MENCIÓN DEL TÍTULO
Título El salto del pasiego
Resto del título : zarzuela melodramática en tres actos y ocho cuadros /
Mención de responsabilidad, etc. obra póstuma de Luis de Eguilaz ; música del maestro Manuel Fernández Caballero.
260 ## - PUBLICACIÓN, DISTRIBUCIÓN, ETC.
Lugar de publicación, distribución, etc. Madrid :
Nombre del editor, distribuidor, etc. Alonso Gullón,
Fecha de publicación, distribución, etc. 1878 (
Fabricante Impr. de José Rodriguez)
300 ## - DESCRIPCIÓN FÍSICA
Extensión 137, [6] p. ;
Dimensiones 20 cm.
490 1# - MENCIÓN DE SERIE
Mención de serie El Teatro: colección de obras dramáticas y líricas
700 1# - ENTRADA AGREGADA--NOMBRE PERSONAL
Nombre de persona Fernández Caballero, Manuel.
9 (RLIN) 49531
830 03 - PUNTO DE ACCESO ADICIONAL DE SERIE-TÍTULO UNIFORME
Título uniforme El teatro: colección de obras dramática y líricas
9 (RLIN) 221753
852 ## - LOCALIZACIÓN
Ubicación ES-MaACL
Número de control de estantería D-2993(1)
condición física . - Encuadernado con otras obras
852 ## - LOCALIZACIÓN
Ubicación ES-MaACL
Número de control de estantería B-8570(6)
Nota libre .- Enc. pasta española
condición física .- Falto de la cub. original
Nota libre .- Enc. en un vol. facticio, formando parte de la col. "Teatro español moderno", vol. 23
-- .- Firma ms. de Gustavo Saenz Diez
Holdings
Estatus retirado Estado de pérdida Estado de daño No para préstamo Colección Biblioteca de origen Biblioteca actual Ubicación en estantería Fecha de adquisición Fuente de adquisición Total de préstamos Signatura topográfica completa Código de barras Visto por última vez Precio de reemplazo Tipo de ítem Koha
        Libros del s. XIX Biblioteca del Ateneo de Madrid Biblioteca del Ateneo de Madrid Sala Pecera Planta 2 16/04/2009     F-8570(6) 1179378 23/02/2023 23/02/2023 Libro impreso antiguo
        Libros del s. XIX Biblioteca del Ateneo de Madrid Biblioteca del Ateneo de Madrid Sala Valle Inclán 17/01/2008     D-2993(1) 901102984 23/02/2023 23/02/2023 Libro impreso antiguo